Problématique d'une stratégie industrielle
Uloženo v:
| Médium: | Kniha |
|---|---|
| Jazyk: | Undetermined |
| Vydáno: |
Paris
Ministère de l'Industrie et de la Recherche
1974
|
| Témata: | |
| Tagy: |
Přidat tag
Žádné tagy, Buďte první, kdo otaguje tento záznam!
|
| Thư viện lưu trữ: | Trung tâm Học liệu Trường Đại học Cần Thơ |
|---|
| LEADER | 00448nam a2200157Ia 4500 | ||
|---|---|---|---|
| 001 | CTU_77710 | ||
| 008 | 210402s9999 xx 000 0 und d | ||
| 082 | |a 338.0944 | ||
| 082 | |b P962 | ||
| 245 | 0 | |a Problématique d'une stratégie industrielle | |
| 260 | |a Paris | ||
| 260 | |b Ministère de l'Industrie et de la Recherche | ||
| 260 | |c 1974 | ||
| 650 | |a Industries | ||
| 650 | |z France | ||
| 980 | |a Trung tâm Học liệu Trường Đại học Cần Thơ | ||